Largest Cities in NRW - Statistics

General Stats
  • This quiz has been taken 18 times
  • The average score is 11 of 15
Answer Stats
Hint Answer % Correct
1 Cologne
100%
2 Düsseldorf
100%
9 Bonn
88%
3 Dortmund
88%
4 Essen
88%
10 Münster
82%
13 Aachen
76%
8 Bielefeld
76%
12 Gelsenkirchen
76%
11 Paderborn
71%
6 Bochum
65%
5 Duisburg
65%
7 Wuppertal
65%
14 Mönchengladbach
53%
15 Leverkusen
47%
No matching quizzes found
Score Distribution
Percent of People with Each Score
Percentile by Number Answered
Your Score History
You have not taken this quiz